Southville International School and Colleges
Your cart is empty.
  • Cart
  • Lists
    Public lists Eva Luna New books Lux_list list_1
    Your lists Log in to create your own lists
  • Log in to your account
  • Your cookies
  • Search history
Southville International School and Colleges
  • Advanced search
  • Recent comments
  • Most popular
  • Libraries

Log in to your account

Log in with GOOGLE


If you do not have an external account, but do have a local account, you can still log in:

  1. Home
  2. MARC view: Nursing research :
Normal view MARC view ISBD view

Nursing research : (Record no. 284552)

[ view plain ]
MARC details
000 -LEADER
fixed length control field 02111cam a22004214a 4500
001 - CONTROL NUMBER
control field 16609237
003 - CONTROL NUMBER IDENTIFIER
control field PILC
005 - DATE AND TIME OF LATEST TRANSACTION
control field 20150601110233.0
008 - FIXED-LENGTH DATA ELEMENTS--GENERAL INFORMATION
fixed length control field 110111s2012 maua b 001 0 eng
010 ## - LIBRARY OF CONGRESS CONTROL NUMBER
LC control number 2011000986
016 7# - NATIONAL BIBLIOGRAPHIC AGENCY CONTROL NUMBER
Record control number 101551235
Source DNLM
020 ## - INTERNATIONAL STANDARD BOOK NUMBER
International Standard Book Number 9780763780142 (pbk.)
020 ## - INTERNATIONAL STANDARD BOOK NUMBER
International Standard Book Number 0763780146 (pbk.)
020 ## - INTERNATIONAL STANDARD BOOK NUMBER
International Standard Book Number 9781449631734
020 ## - INTERNATIONAL STANDARD BOOK NUMBER
International Standard Book Number 1449631738
035 ## - SYSTEM CONTROL NUMBER
System control number (OCoLC)ocn696713870
040 ## - CATALOGING SOURCE
Original cataloging agency DNLM/DLC
Transcribing agency DLC
Modifying agency YDX
-- NLM
-- YDXCP
-- DLC
042 ## - AUTHENTICATION CODE
Authentication code pcc
050 00 - LIBRARY OF CONGRESS CALL NUMBER
Classification number RT 81.5
Item number .H842 2012
060 00 - NATIONAL LIBRARY OF MEDICINE CALL NUMBER
Classification number 2011 G-898
060 10 - NATIONAL LIBRARY OF MEDICINE CALL NUMBER
Classification number WY 20.5
082 00 - DEWEY DECIMAL CLASSIFICATION NUMBER
Classification number 610.73072
100 1# - MAIN ENTRY--PERSONAL NAME
Personal name Houser, Janet,
Dates associated with a name 1954-
245 10 - TITLE STATEMENT
Title Nursing research :
Remainder of title reading, using, and creating evidence /
Statement of responsibility, etc Janet Houser.
250 ## - EDITION STATEMENT
Edition statement 2nd ed.
260 ## - PUBLICATION, DISTRIBUTION, ETC. (IMPRINT)
Place of publication, distribution, etc Sudbury, MA :
Name of publisher, distributor, etc Jones & Bartlett Learning,
Date of publication, distribution, etc 2012.
300 ## - PHYSICAL DESCRIPTION
Extent xxv, 546 pages :
Other physical details illustrations ;
Dimensions 23 cm.
500 ## - GENERAL NOTE
General note Includes bibliographical references and index.
505 0# - FORMATTED CONTENTS NOTE
Formatted contents note An introduction to research -- The importance of research as evidence in nursing -- The research process and ways of knowing -- Ethical and legal considerations in research -- Finding problems and writing questions -- The successful literature review -- Theoretical frameworks -- Selecting an appropriate research design -- The sampling strategy -- Measurement strategies -- Data collection methods -- Enhancing the validity of research -- Descriptive research questions and procedures -- Summarizing and reporting descriptive data -- Quantitative research questions and procedures -- Analysis and reporting of quantitative data -- Qualitative research questions and procedures -- Analyzing and reporting qualitative results -- Communicating research findings -- Translating research into practice.
650 #0 - SUBJECT ADDED ENTRY--TOPICAL TERM
Topical term or geographic name as entry element Nursing
General subdivision Research
-- Methodology.
650 #0 - SUBJECT ADDED ENTRY--TOPICAL TERM
Topical term or geographic name as entry element Evidence-based nursing.
650 12 - SUBJECT ADDED ENTRY--TOPICAL TERM
Topical term or geographic name as entry element Clinical Nursing Research
General subdivision methods.
650 22 - SUBJECT ADDED ENTRY--TOPICAL TERM
Topical term or geographic name as entry element Evidence-Based Nursing.
650 22 - SUBJECT ADDED ENTRY--TOPICAL TERM
Topical term or geographic name as entry element Research Design.
906 ## - LOCAL DATA ELEMENT F, LDF (RLIN)
a 7
b cbc
c orignew
d 1
e ecip
f 20
g y-gencatlg
942 ## - ADDED ENTRY ELEMENTS (KOHA)
Source of classification or shelving scheme Library of Congress Classification
Koha item type Books
Call number prefix Foreign
Holdings
Withdrawn status Lost status Source of classification or shelving scheme Damaged status Home library Current library Shelving location Date acquired Source of acquisition Sub Shelving location Total Checkouts Full call number Barcode Date last seen Price effective from Koha item type
    Library of Congress Classification   College Library College Library Reserve Section 06/01/2015 Library Fund     RT 81.5 .H842 2012 C19473 05/15/2018 06/01/2015 Books

Nursing research :

APA

Houser J., . (2012). Nursing research. Sudbury, MA: Jones & Bartlett Learning.

Chicago

Houser Janet, . 2012. Nursing research. Sudbury, MA: Jones & Bartlett Learning.

Harvard

Houser J., . (2012). Nursing research. Sudbury, MA: Jones & Bartlett Learning.

MLA

Houser Janet, . Nursing research. Sudbury, MA: Jones & Bartlett Learning. 2012.

  • Place hold
  • Print
  • Cite
  • Add to your cart (remove)
  • Save record
    BIBTEX Dublin Core MARCXML MARC (non-Unicode/MARC-8) MARC (Unicode/UTF-8) MARC (Unicode/UTF-8, Standard) MODS (XML) RIS
  • More searches
    Search for this title in:
    Other Libraries (WorldCat) Other Databases (Google Scholar) Online Stores (Bookfinder.com) Open Library (openlibrary.org)

Exporting to Dublin Core...

SOUTHVILLE LIBRARY

Southville International School and Colleges Library

1281 Tropical Ave. Cor. Luxembourg St., BF Homes International, Las Pinas City

Tel. No. 8256374 / 252358 Loc. 117/146

Powered by Koha